Countries that Produce the most Cherries - Statistics

General Stats
  • This quiz has been taken 22 times
  • The average score is 12 of 20
Answer Stats
Country % Correct
Germany
89%
Russia
89%
Turkey
89%
China
84%
United States of America
84%
Greece
74%
Italy
74%
Poland
74%
Spain
74%
Iran
68%
Romania
58%
Ukraine
58%
Bulgaria
53%
Belarus
42%
Chile
42%
Hungary
42%
Serbia
26%
Syria
21%
Uzbekistan
16%
Azerbaijan
11%
No matching quizzes found
Score Distribution
Percent of People with Each Score
Percentile by Number Answered
Your Score History
You have not taken this quiz